Lịch sử hình thành và phát triển vùng đất Nam bộ Từ khởi thủy đến năm 1945

Vùng đất Nam bộ từ khởi thủy đến đầu thế kỷ XVII; Vùng đất Nam bộ thời kỳ từ đầu thế kỷ XVII đến năm 1858; Vùng đất Nam bộ thời kỳ thức dân Pháp xâm lược và thống trị (1858-1945)

Guardat en:
Dades bibliogràfiques
Altres autors: Trần Đức Cường (chủ biên), Võ Sĩ Khải, Nguyễn Đức Nhuệ, Lê Trung Dũng
Format: Llibre
Idioma:Vietnamese
Publicat: Hà Nội Khoa học xã hội 2017
Edició:Tái bản lần thứ 2
Matèries:
Etiquetes: Afegir etiqueta
Sense etiquetes, Sigues el primer a etiquetar aquest registre!
Thư viện lưu trữ: Mạng thư viện Đại học Đà Nẵng
LEADER 01537nam a2200361 4500
001 000025253
003 21746
005 20170920090918.0
008 170912s2017 viesd
020 |a 9786049446641  |c 215000 
041 0 |a vie 
082 1 4 |a 959.7  |b Lic 
245 0 0 |a Lịch sử hình thành và phát triển vùng đất Nam bộ  |b Từ khởi thủy đến năm 1945  |c Trần Đức Cường (chủ biên), ... 
250 |a Tái bản lần thứ 2 
260 |a Hà Nội  |b Khoa học xã hội  |c 2017 
300 |a 695 tr.  |c 23 cm. 
520 3 |a Vùng đất Nam bộ từ khởi thủy đến đầu thế kỷ XVII; Vùng đất Nam bộ thời kỳ từ đầu thế kỷ XVII đến năm 1858; Vùng đất Nam bộ thời kỳ thức dân Pháp xâm lược và thống trị (1858-1945) 
650 0 4 |a Lịch sử  |x Nghiên cứu  |y Từ khởi thủy đến 1945  |z Việt Nam (Nam bộ) 
653 |a Nam bộ 
700 1 |a Trần Đức Cường  |e chủ biên 
700 1 |a Võ Sĩ Khải 
700 1 |a Nguyễn Đức Nhuệ 
700 1 |a Lê Trung Dũng 
OWN |a LSP 
AVA |a UDN50  |b LSP  |d 959.7 Lic  |e available  |t Error 5001 Not defined in file expand_doc_bib_avail.  |f 1  |g 0  |h N  |i 0  |k 1 
999 |a From the UDN01 
AVA |a UDN50  |b LSP  |d 959.7 Lic  |e available  |t Error 5001 Not defined in file expand_doc_bib_avail.  |f 1  |g 0  |h N  |i 0  |k 1 
TYP |a Monograph 
TYP |a Printed language 
980 |a Mạng thư viện Đại học Đà Nẵng